Southville International School and Colleges
Your cart is empty.
  • Cart
  • Lists
    Public lists Eva Luna New books Lux_list list_1
    Your lists Log in to create your own lists
  • Log in to your account
  • Your cookies
  • Search history
Southville International School and Colleges
  • Advanced search
  • Recent comments
  • Most popular
  • Libraries

Log in to your account

Log in with GOOGLE


If you do not have an external account, but do have a local account, you can still log in:

  1. Home
  2. MARC view: Sustainable tourism
Normal view MARC view ISBD view

Sustainable tourism (Record no. 367385)

[ view plain ]
MARC details
000 -LEADER
fixed length control field 00734nam a22002297a 4500
003 - CONTROL NUMBER IDENTIFIER
control field 0
005 - DATE AND TIME OF LATEST TRANSACTION
control field 20250414095137.0
008 - FIXED-LENGTH DATA ELEMENTS--GENERAL INFORMATION
fixed length control field 250412b xxu||||| |||| 00| 0 eng d
020 ## - INTERNATIONAL STANDARD BOOK NUMBER
International Standard Book Number 978-621-418-288-6
050 ## - LIBRARY OF CONGRESS CALL NUMBER
Classification number G 156.5
Item number .L67 2023
100 ## - MAIN ENTRY--PERSONAL NAME
Personal name Lopez, Edilyn
245 ## - TITLE STATEMENT
Title Sustainable tourism
Statement of responsibility, etc Edilyn Lopez and two others
260 ## - PUBLICATION, DISTRIBUTION, ETC. (IMPRINT)
Place of publication, distribution, etc Quezon City, Philippines
Name of publisher, distributor, etc Wiseman's Books Trading, Inc.
Date of publication, distribution, etc 2023
300 ## - PHYSICAL DESCRIPTION
Extent iii, 78 pages;
Dimensions 25cm.
504 ## - BIBLIOGRAPHY, ETC. NOTE
Bibliography, etc Includes bibliographical references and appendices.
650 ## - SUBJECT ADDED ENTRY--TOPICAL TERM
Topical term or geographic name as entry element Sustainable tourism -- Ecotourism.
650 ## - SUBJECT ADDED ENTRY--TOPICAL TERM
Topical term or geographic name as entry element Tourism—Environmental aspects.
650 ## - SUBJECT ADDED ENTRY--TOPICAL TERM
Topical term or geographic name as entry element Tourism—Social aspects.
700 ## - ADDED ENTRY--PERSONAL NAME
Personal name Osorno, Rene .
700 ## - ADDED ENTRY--PERSONAL NAME
Personal name Bajao, Grayfield.
942 ## - ADDED ENTRY ELEMENTS (KOHA)
Source of classification or shelving scheme Library of Congress Classification
Koha item type Books
Holdings
Withdrawn status Lost status Source of classification or shelving scheme Damaged status Home library Current library Shelving location Date acquired Source of acquisition Sub Shelving location Total Checkouts Full call number Barcode Date last seen Price effective from Koha item type
    Library of Congress Classification   College Library College Library Filipiniana Section 04/12/2025 Library Fund     G 156.5 .L67 2023 C24351 04/12/2025 04/12/2025 Books

Sustainable tourism

APA

Lopez E., Osorno R. . & Bajao G. (2023). Sustainable tourism. Quezon City, Philippines: Wiseman's Books Trading, Inc.

Chicago

Lopez Edilyn, Osorno Rene and Bajao Grayfield. 2023. Sustainable tourism. Quezon City, Philippines: Wiseman's Books Trading, Inc.

Harvard

Lopez E., Osorno R. . and Bajao G. (2023). Sustainable tourism. Quezon City, Philippines: Wiseman's Books Trading, Inc.

MLA

Lopez Edilyn, Osorno Rene and Bajao Grayfield. Sustainable tourism. Quezon City, Philippines: Wiseman's Books Trading, Inc. 2023.

  • Place hold
  • Print
  • Cite
  • Add to your cart (remove)
  • Save record
    BIBTEX Dublin Core MARCXML MARC (non-Unicode/MARC-8) MARC (Unicode/UTF-8) MARC (Unicode/UTF-8, Standard) MODS (XML) RIS
  • More searches
    Search for this title in:
    Other Libraries (WorldCat) Other Databases (Google Scholar) Online Stores (Bookfinder.com) Open Library (openlibrary.org)

Exporting to Dublin Core...

SOUTHVILLE LIBRARY

Southville International School and Colleges Library

1281 Tropical Ave. Cor. Luxembourg St., BF Homes International, Las Pinas City

Tel. No. 8256374 / 252358 Loc. 117/146

Powered by Koha